FIFA world cup nations that start with N - Statistics

General Stats
  • This quiz has been taken 63 times
  • The average score is 5 of 6
Answer Stats
Years played Answer % Correct
1934, 1938, 1974, 1978, 1990, 1994, 1998, 2006, 2010, 2014, and 2022 Netherlands
94%
1994, 1998, 2002, 2010, 2014, and 2018 Nigeria
88%
1966 and 2010 North Korea
86%
1938, 1994, and 1998 Norway
86%
1982 and 2010 New Zealand
80%
1958, 1982, and 1986 Northern Ireland
38%
No matching quizzes found
Score Distribution
Percent of People with Each Score
Percentile by Number Answered
Your Score History
You have not taken this quiz